| 000 | 01125nam a2200325 i 4500 | ||
|---|---|---|---|
| 001 | 13046957 | ||
| 003 | EG-ScBUE | ||
| 005 | 20230516113211.0 | ||
| 008 | 170201s2016 enka f b 001 0 eng d | ||
| 020 | _a9780500292372 | ||
| 035 | _a(NhCcYBP)co22667166 | ||
| 040 |
_aNhCcYBP _beng _erda _cNhCcYBP _dEG-ScBUE |
||
| 082 | 0 | 4 |
_222 _a932 _bBPE |
| 245 | 0 | 4 |
_aThe BP exhibition sunken cities : _bEgypt's lost worlds / _cedited by Franck Goddio and Aurélia Masson-Berghoff. |
| 246 | 3 | 0 | _aSunken cities |
| 264 | 1 |
_aLondon : _bThames & Hudson in collaboration with the British Museum, _c2016. |
|
| 300 |
_a272 pages : _bcolor illustrations ; _c29 cm |
||
| 336 |
_atext _btxt _2rdacontent |
||
| 337 |
_aunmediated _bn _2rdamedia |
||
| 338 |
_avolume _bnc _2rdacarrier |
||
| 504 | _aIncludes bibliographical references and index. | ||
| 650 | 7 |
_2BUEsh _aUnderwater archaeology. |
|
| 651 | 7 |
_aNile River Delta (Egypt) _xAntiquities. _2BUEsh |
|
| 653 |
_bART _cMay2023 |
||
| 655 | _vReading book | ||
| 700 | 1 |
_aGoddio, Franck, _eeditor. |
|
| 700 | 1 |
_aMasson-Berghoff, Aurélia, _eeditor. |
|
| 942 |
_2ddc _cBB |
||
| 987 | _cON ORDER | ||
| 999 |
_c30411 _d30382 |
||